| 000 | 00970nam a2200217 a 4500 | ||
|---|---|---|---|
| 005 | 20140310183401.0 | ||
| 008 | 121115s19uu xx 00 eng d | ||
| 020 | _a9781446207413 | ||
| 050 |
_aPN 4784.T4 _b.C876 2012 |
||
| 100 | _aCushion, Stephen | ||
| 245 |
_aTelevision journalism / _cStephen Cushion. |
||
| 260 |
_aLondon : _bSAGE, _c2012. |
||
| 300 |
_ax, 227 p. : _c24 cm. |
||
| 440 | _aJournalism studies. Key texts | ||
| 500 | _aIncludes index | ||
| 520 | _a"Covering issues of ownership, control, policy, and regulation, the book is a blend of theory and history that examines the UK industry from a comparative perspective. It establishes the importance of television journalism, how it converges with other formats, and the ways in which it can survive an ever-changing terrain with the advent of new technologies and new media."--Publisher | ||
| 521 | _aMC | ||
| 650 | _aTelevision broadcasting of news | ||
| 942 |
_cBK _2lcc _kFOR |
||
| 999 |
_c22305 _d22305 |
||